<?xml version="1.0" encoding="UTF-8"?>
<record
    xmlns:xsi="http://www.w3.org/2001/XMLSchema-instance"
    xsi:schemaLocation="http://www.loc.gov/MARC21/slim http://www.loc.gov/standards/marcxml/schema/MARC21slim.xsd"
    xmlns="http://www.loc.gov/MARC21/slim">

  <leader>01208cam3a220027700 4500</leader>
  <controlfield tag="001">qcf00188478</controlfield>
  <controlfield tag="005">20190816085058.0</controlfield>
  <controlfield tag="008">750611s1961    sz af    b    001 0 fre d</controlfield>
  <datafield tag="035" ind1=" " ind2=" ">
    <subfield code="a">(Sirsi) r123774</subfield>
  </datafield>
  <datafield tag="035" ind1=" " ind2=" ">
    <subfield code="a">(QCAT)lss00861647</subfield>
  </datafield>
  <datafield tag="035" ind1=" " ind2=" ">
    <subfield code="a">(UPRA)qcf00188478</subfield>
  </datafield>
  <datafield tag="040" ind1=" " ind2=" ">
    <subfield code="d">UPRA</subfield>
  </datafield>
  <datafield tag="100" ind1="1" ind2=" ">
    <subfield code="a">Liprandi, Claude, 1910-</subfield>
    <subfield code="d">Liprandi, Claude, 1910-</subfield>
    <subfield code="6">A91885.1</subfield>
  </datafield>
  <datafield tag="245" ind1="1" ind2="0">
    <subfield code="a">Au coeur du Rouge :</subfield>
    <subfield code="b">l'affaire Lafargue et Le rouge et le noir /</subfield>
    <subfield code="c">Claude Liprandi.</subfield>
  </datafield>
  <datafield tag="260" ind1=" " ind2=" ">
    <subfield code="a">Lausanne :</subfield>
    <subfield code="b">Editions du Grand-Ch^ene,</subfield>
    <subfield code="c">1961.</subfield>
  </datafield>
  <datafield tag="440" ind1=" " ind2="0">
    <subfield code="a">Collection stendhalienne ;</subfield>
    <subfield code="v">4</subfield>
    <subfield code="6">S13768.1</subfield>
  </datafield>
  <datafield tag="500" ind1=" " ind2=" ">
    <subfield code="a">Limited to 1000 copies. No. 000429.</subfield>
  </datafield>
  <datafield tag="500" ind1=" " ind2=" ">
    <subfield code="a">Includes index.</subfield>
  </datafield>
  <datafield tag="504" ind1=" " ind2=" ">
    <subfield code="a">Bibliography: p. [343]-351.</subfield>
  </datafield>
  <datafield tag="600" ind1="1" ind2="0">
    <subfield code="a">Stendhal, 1783-1842. Rouge et le noir -- Sources.</subfield>
    <subfield code="d">Stendhal, 1783-1842. Rouge et le noir -- Sources.</subfield>
    <subfield code="t">Stendhal, 1783-1842. Rouge et le noir -- Sources.</subfield>
    <subfield code="x">Stendhal, 1783-1842. Rouge et le noir -- Sources.</subfield>
    <subfield code="6">S65738.1</subfield>
  </datafield>
  <datafield tag="600" ind1="1" ind2="0">
    <subfield code="a">Lafargue, Adrien.</subfield>
    <subfield code="6">S65739.1</subfield>
  </datafield>
  <datafield tag="600" ind1="1" ind2="0">
    <subfield code="a">Berthet, Antoine Marie, 1803-1828.</subfield>
    <subfield code="d">Berthet, Antoine Marie, 1803-1828.</subfield>
    <subfield code="6">S65740.1</subfield>
  </datafield>
  <datafield tag="740" ind1="2" ind2=" ">
    <subfield code="a">L'affaire Lafargue et Le rouge et le noir.</subfield>
  </datafield>
  <datafield tag="949" ind1=" " ind2=" ">
    <subfield code="a">PQ2435</subfield>
    <subfield code="w">lcc</subfield>
    <subfield code="i">-177947</subfield>
    <subfield code="m">MAIN</subfield>
    <subfield code="t">BOOK</subfield>
    <subfield code="l">ON-SHELF</subfield>
  </datafield>
  <controlfield tag="004">123774</controlfield>
  <datafield tag="999" ind1=" " ind2=" ">
    <subfield code="c">80065</subfield>
    <subfield code="d">80065</subfield>
  </datafield>
</record>
